| 000 | 00526cam a22002051 4500 | ||
|---|---|---|---|
| 001 | sa 68000275 | ||
| 003 | DLC | ||
| 005 | 20260227112422.0 | ||
| 008 | 890919n1958 np 000 1 newo | ||
| 010 | _asa 68000275 | ||
| 035 | _a(OCoLC)20365904 | ||
| 040 |
_aDLC _cWaU _dDLC |
||
| 042 | _apremarc | ||
| 050 | 0 | 0 |
_aPL3801.N59 _bH77 |
| 100 | 1 |
_aHridaya, Chitta Dhar, _d1906-1982. |
|
| 245 | 1 | 0 |
_aThāybhu. _bChittadhar ʻHridayaʼs short stories. |
| 260 | _c[1958 or 9] | ||
| 300 |
_a75 p. _c18 cm. |
||
| 500 | _aIn Newari. | ||
| 999 |
_c77086 _d77086 |
||